| 000 | 00981fam a2200337 a 4500 | ||
|---|---|---|---|
| 001 | 1370487 | ||
| 003 | OSt | ||
| 005 | 20211230104717.0 | ||
| 008 | 921020s1993 enka b 001 0 eng | ||
| 010 | _a 92038042 | ||
| 020 | _a0470219823 | ||
| 020 | _z0582091934 | ||
| 035 | _a(OCoLC)26930555 | ||
| 035 | _a(OCoLC)ocm26930555 | ||
| 035 | _a(NNC)1370487 | ||
| 038 | _akhadija | ||
| 040 |
_aDLC _cDLC _dDLC |
||
| 050 | 0 | 0 |
_aTJ265 _b.E23 1993 |
| 082 | 0 | 0 |
_a621.4021 _220 _bEAS |
| 100 | 1 |
_aEastop, T. D. _q(Thomas D.) _987142 |
|
| 245 | 1 | 0 |
_aApplied Thermodynamics for Engineering Technologists / _cT.D. Eastop, A. McConkey. |
| 250 | _a5th ed. | ||
| 260 |
_aEssex, England : _bLongman ; _aNew York : _bWiley, _c1993. |
||
| 300 |
_axix, 715 p. : _bill. ; _c25 cm. |
||
| 504 | _aIncludes bibliographical references and index. | ||
| 563 | _aPB | ||
| 650 | 0 |
_aThermodynamics. _987143 |
|
| 700 | 1 |
_aMcConkey, A. _q(Allan), _d1927- _987144 |
|
| 942 |
_2ddc _cBK |
||
| 999 |
_c31513 _d31513 |
||